Detalles MARC
| 000 -CABECERA |
| Longitud fija campo de control |
01865nam a2200409 c 4500 |
| 001 - NÚMERO DE CONTROL |
| Número de control |
21942 |
| 003 - IDENTIFICADOR DE NÚMERO DE CONTROL |
| Identificador del número de control |
ES-MaCES |
| 005 - FECHA Y HORA DE LA ÚLTIMA TRANSACCIÓN |
| Fecha y hora de la última transacción |
20180131142519.0 |
| 008 - CAMPO FIJO DE DESCRIPCIÓN FIJA--INFORMACIÓN GENERAL |
| Códigos de información de longitud fija |
090227s2008 sz s i000 | spa d |
| 020 ## - ISBN (INTERNATIONAL STANDARD BOOK NUMBER) |
| Número Internacional Normalizado para Libros (ISBN) |
9789220213964 |
| 035 ## - NÚMERO DE CONTROL DEL SISTEMA |
| Número de control del sistema |
CES20090002394m |
| 040 ## - FUENTE DE CATALOGACIÓN |
| Centro catalogador de origen |
ES-MaCES |
| Lengua de catalogación |
spa |
| Centro transcriptor |
ES-MaCES |
| 041 0# - CÓDIGO DE IDIOMA |
| Código de lengua del texto;banda sonora o título independiente |
spa |
| -- |
eng |
| -- |
fre |
| 245 00 - MENCIÓN DE TÍTULO |
| Título |
Occupational wages and hours of work and retail food prices |
| Resto del título |
: statistics from the ILO October Inquiry, 2006 and 2007 = Salaires et durée du travail par profession et prix de détail de produits alimentaires : statistiques de l'Enquête d'octubre du BIT, 2006 et 2007 = Salarios y horas de trabajo por ocupación y precios al por menor de artículos alimenticios : estadísticas de la Encuesta de octubre de la OIT, 2006 y 2007 |
| 260 ## - PUBLICACIÓN, DISTRIBUCIÓN, ETC (PIE DE IMPRENTA) |
| Lugar de publicación, distribución, etc. |
Geneva |
| Nombre del editor, distribuidor, etc. |
International Labour Office = Genève : Bureau international du travail = Ginebra : Oficina Internacional del Trabajo |
| Fecha de publicación, distribución, etc. |
[2008] |
| 300 ## - DESCRIPCIÓN FÍSICA |
| Extensión |
XIII, 270 p. |
| Dimensiones |
30 cm |
| 500 ## - NOTA GENERAL |
| Nota general |
Texto en inglés, francés y español |
| 541 ## - NOTA DE LA FUENTE INMEDIANTE DE ADQUISICIÓN |
| Forma de adquisición |
Suscripción conjunta |
| 650 #4 - ASIENTO SECUNDARIO DE MATERIA--TÉRMINO DE MATERIA |
| Término de materia o nombre geográfico como elemento inicial |
salario |
| 9 (RLIN) |
28387 |
| 650 #4 - ASIENTO SECUNDARIO DE MATERIA--TÉRMINO DE MATERIA |
| Término de materia o nombre geográfico como elemento inicial |
horas de trabajo |
| 9 (RLIN) |
28335 |
| 650 #4 - ASIENTO SECUNDARIO DE MATERIA--TÉRMINO DE MATERIA |
| Término de materia o nombre geográfico como elemento inicial |
ordenamiento del tiempo de trabajo |
| 9 (RLIN) |
29205 |
| 650 #4 - ASIENTO SECUNDARIO DE MATERIA--TÉRMINO DE MATERIA |
| Término de materia o nombre geográfico como elemento inicial |
ocupación |
| 9 (RLIN) |
28402 |
| 650 #4 - ASIENTO SECUNDARIO DE MATERIA--TÉRMINO DE MATERIA |
| Término de materia o nombre geográfico como elemento inicial |
precio al por menor |
| 9 (RLIN) |
27920 |
| 650 #4 - ASIENTO SECUNDARIO DE MATERIA--TÉRMINO DE MATERIA |
| Término de materia o nombre geográfico como elemento inicial |
alimento |
| 9 (RLIN) |
28659 |
| 650 #4 - ASIENTO SECUNDARIO DE MATERIA--TÉRMINO DE MATERIA |
| Término de materia o nombre geográfico como elemento inicial |
producto alimentario |
| 9 (RLIN) |
27682 |
| 650 #4 - ASIENTO SECUNDARIO DE MATERIA--TÉRMINO DE MATERIA |
| Término de materia o nombre geográfico como elemento inicial |
encuesta |
| 9 (RLIN) |
28856 |
| 650 #4 - ASIENTO SECUNDARIO DE MATERIA--TÉRMINO DE MATERIA |
| Término de materia o nombre geográfico como elemento inicial |
OIT |
| 9 (RLIN) |
26720 |
| 650 #4 - ASIENTO SECUNDARIO DE MATERIA--TÉRMINO DE MATERIA |
| Término de materia o nombre geográfico como elemento inicial |
2006-2007 |
| 9 (RLIN) |
31821 |
| 650 #4 - ASIENTO SECUNDARIO DE MATERIA--TÉRMINO DE MATERIA |
| Término de materia o nombre geográfico como elemento inicial |
datos estadísticos |
| 9 (RLIN) |
30765 |
| 653 10 - TÉRMINO DE INDEXACIÓN--NO CONTROLADO |
| Término no controlado |
Estadísticas económico-sociales |
| 787 0# - ENTRADA DE OTRAS ESPECIFICACIONES |
| Título |
Occupational wages and hours of work and retail food prices |
| Número de control del registro relacionado |
(ES-MaCES)22546 |
| 787 0# - ENTRADA DE OTRAS ESPECIFICACIONES |
| Título |
Occupational wages and hours of work and retail food prices |
| Número de control del registro relacionado |
(ES-MaCES)20532 |
| 710 2# - ENCABEZAMIENTO SECUNDARIO--NOMBRE CORPORATIVO |
| 9 (RLIN) |
4718 |
| Nombre de entidad o nombre de jurisdicción como elemento inicial |
Organización Internacional del Trabajo |
| Término indicativo de función |
ed. |
| 902 ## - CES. TIPO DE DOCUMENTO |
| Tipodoc (006$c Sirtex) |
LIB Libro |
| 942 ## - ELEMENTOS KOHA |
| Fuente de clasificaión o esquema |
Clasificación propia del CES |
| Koha [por defecto] tipo de item |
Monografías |
| Parte de clasificación |
8.2. |